[Event "CHI-chT"]
[Site "Chile"]
[Date "2010.12.14"]
[Round "9"]
[White "Duarte Mermow, Marcelo R"]
[Black "Reveco Lizama, Manuel A"]
[Result "1-0"]
[WhiteElo "2385"]
[BlackElo "1961"]
[PlyCount "47"]
[EventDate "2010.10.19"]
[EventType "team"]
[EventRounds "9"]
[EventCountry "CHI"]
[SourceTitle "EXT 2012"]
[Source "ChessBase"]
[SourceDate "2011.11.24"]
[SourceVersion "1"]
[SourceVersionDate "2011.11.24"]
[SourceQuality "1"]

1. e4 c5 2. Nf3 d6 3. c3 Nf6 4. h3 Nc6 5. Bd3 g6 6. Bc2 e5 7. d4 cxd4 8. cxd4 Bg7 9. dxe5 dxe5 10. Qxd8+ Kxd8 11. 0-0 Be6 12. Nc3 a6 13. Be3 Kc7 14. Na4 Nd7 15. Rfc1 Rac8 16. Ng5 Kb8 17. Nxe6 fxe6 18. Bb3 Rhe8 19. Nb6 Nxb6 20. Bxb6 Nd4 21. Kf1 g5 22. Ba4 Rxc1+ 23. Rxc1 Rc8 24. Ba7+ 1-0

[Event "CHI-chT"]
[Site "Santiago de Chile"]
[Date "2008.12.04"]
[Round "9"]
[White "Duarte Mermow, Marcelo R"]
[Black "Diaz Villagran, Robert"]
[Result "1/2-1/2"]
[WhiteElo "2405"]
[BlackElo "2401"]
[PlyCount "28"]
[EventDate "2008.11.04"]
[EventType "team-tourn"]
[EventRounds "9"]
[EventCountry "CHI"]
[SourceTitle "EXT 2012"]
[Source "ChessBase"]
[SourceDate "2011.11.24"]
[SourceVersion "1"]
[SourceVersionDate "2011.11.24"]
[SourceQuality "1"]

1. e4 e6 2. d4 d5 3. Nc3 Bb4 4. Bd3 c5 5. exd5 exd5 6. Nf3 Nc6 7. 0-0 Nge7 8. dxc5 0-0 9. Na4 b6 10. Be3 bxc5 11. a3 c4 12. axb4 cxd3 13. Qxd3 Nxb4 14. Qd2 Nbc6 1/2-1/2

[Event "CHI-chT"]
[Site "Santiago de Chile"]
[Date "2008.11.18"]
[Round "4"]
[White "Caceres Vasquez, Sergio"]
[Black "Duarte Mermow, Marcelo R"]
[Result "1-0"]
[WhiteElo "2243"]
[BlackElo "2405"]
[PlyCount "103"]
[EventDate "2008.11.04"]
[EventType "team-tourn"]
[EventRounds "9"]
[EventCountry "CHI"]
[SourceTitle "EXT 2012"]
[Source "ChessBase"]
[SourceDate "2011.11.24"]
[SourceVersion "1"]
[SourceVersionDate "2011.11.24"]
[SourceQuality "1"]

1. d4 Nf6 2. c4 e6 3. Nc3 d5 4. cxd5 exd5 5. Bg5 Bb4 6. e3 0-0 7. Bd3 c5 8. a3 Bxc3+ 9. bxc3 Nbd7 10. Ne2 Qa5 11. 0-0 c4 12. Bf5 Re8 13. Qc2 Ne4 14. Bh4 Nb6 15. Bxc8 Raxc8 16. f3 Nd6 17. Bg3 Rc6 18. Bxd6 Rxd6 19. e4 Qa4 20. Qb1 f6 21. Ng3 g6 22. f4 Qb3 23. e5 Rc6 24. Qc1 Na4 25. Rf3 Qb2 26. Qe1 Rb6 27. f5 fxe5 28. fxg6 hxg6 29. Nh5 gxh5 30. Qg3+ Kh8 31. Raf1 Qb1 32. Rxb1 Rxb1+ 33. Rf1 Rxf1+ 34. Kxf1 exd4 35. cxd4 Nb6 36. Qf3 Rc8 37. Qxh5+ Kg7 38. Ke2 c3 39. Kd1 c2+ 40. Kc1 Rc3 41. Qg5+ Kh7 42. Qd2 Na4 43. Qg5 Nb6 44. Qe7+ Kg6 45. Qxb7 Rxa3 46. Kxc2 Ra2+ 47. Kb3 Rxg2 48. Qxa7 Nc4 49. Qd7 Rg5 50. h4 Rf5 51. Qe6+ Rf6 52. Qg8+ 1-0

[Event "Santiago Endesa Interempresas tt-A"]
[Site "Santiago de Chile"]
[Date "2008.09.09"]
[Round "8"]
[White "Pinto Pinares, Marcelo"]
[Black "Duarte Mermow, Marcelo R"]
[Result "1-0"]
[WhiteElo "2200"]
[BlackElo "2366"]
[PlyCount "147"]
[EventDate "2008.07.22"]
[EventType "team"]
[EventRounds "11"]
[EventCountry "CHI"]
[SourceTitle "EXT 2012"]
[Source "ChessBase"]
[SourceDate "2011.11.24"]
[SourceVersion "1"]
[SourceVersionDate "2011.11.24"]
[SourceQuality "1"]

1. d4 Nf6 2. Nf3 e6 3. Bg5 c5 4. e3 d5 5. c3 Qb6 6. Qc1 Ne4 7. Bf4 Bd7 8. a4 Nc6 9. Nbd2 cxd4 10. exd4 Rc8 11. Qb1 f5 12. Bd3 Be7 13. h4 0-0 14. Ne5 Nxe5 15. Bxe5 a5 16. Nf3 Be8 17. Bf4 Qd8 18. Qc1 Rc6 19. Ne5 Rb6 20. g3 Bd6 21. Be2 Nf6 22. Nd3 Bh5 23. Bxd6 Qxd6 24. Qf4 Qe7 25. Bxh5 Nxh5 26. Qg5 Qe8 27. Qd2 f4 28. g4 Nf6 29. f3 Nd7 30. 0-0 e5 31. dxe5 Nxe5 32. Rae1 Nc4 33. Rxe8 Nxd2 34. Rxf8+ Kxf8 35. Rf2 Nc4 36. b4 d4 37. b5 dxc3 38. Rc2 Nd2 39. Kf2 Nb1 40. Nxf4 Rd6 41. Ke3 Rd1 42. Ne2 Re1 43. Kf2 Rh1 44. Kg2 Rxh4 45. Nxc3 Na3 46. Re2 Rh6 47. Ne4 Nc4 48. Kg3 Nb6 49. Nc5 Rh1 50. Re6 Nc4 51. Nxb7 Rg1+ 52. Kf4 Ra1 53. Nc5 Rb1 54. Ra6 Rb4 55. Kf5 Ke7 56. Ra7+ Kd8 57. Rxg7 Nb6 58. Nb7+ Ke8 59. Nxa5 Nxa4 60. Rb7 Nc5 61. Rb8+ Kf7 62. Nc6 Rb3 63. Ne5+ Ke7 64. Rh8 Rxb5 65. Rxh7+ Ke8 66. f4 Nd3 67. g5 Kf8 68. Rf7+ Kg8 69. Rc7 Nxe5 70. fxe5 Rb6 71. e6 Rb8 72. Rd7 Rf8+ 73. Kg6 Re8 74. e7 1-0

[Event "Santiago Endesa Interempresas tt-A"]
[Site "Santiago de Chile"]
[Date "2008.07.29"]
[Round "2"]
[White "Vargas Maliqueo, Ivan Patricio"]
[Black "Duarte Mermow, Marcelo R"]
[Result "1/2-1/2"]
[WhiteElo "2209"]
[BlackElo "2366"]
[PlyCount "59"]
[EventDate "2008.07.22"]
[EventType "team"]
[EventRounds "11"]
[EventCountry "CHI"]
[SourceTitle "EXT 2012"]
[Source "ChessBase"]
[SourceDate "2011.11.24"]
[SourceVersion "1"]
[SourceVersionDate "2011.11.24"]
[SourceQuality "1"]

1. d4 Nf6 2. c4 e6 3. Nf3 Bb4+ 4. Bd2 c5 5. Bxb4 cxb4 6. Nbd2 d5 7. e3 Nc6 8. cxd5 exd5 9. Bd3 Qe7 10. 0-0 0-0 11. Rc1 Bd7 12. Qc2 Rfc8 13. Qb1 Re8 14. Rc5 a6 15. Rfc1 g6 16. h3 Kg7 17. Nf1 Qd6 18. Qc2 Re7 19. Qd2 b6 20. R5c2 b3 21. axb3 Ra7 22. Ra1 Ne4 23. Bxe4 dxe4 24. Ne1 Nb4 25. Rc4 Nd5 26. Ng3 Qf6 27. Ne2 Bb5 28. Rc2 Rad7 29. Nc3 Nxc3 30. bxc3 1/2-1/2

[Event "Santiago Endesa Interempresas tt-A"]
[Site "Santiago de Chile"]
[Date "2008.07.22"]
[Round "1"]
[White "Maturana, Victor"]
[Black "Duarte Mermow, Marcelo R"]
[Result "0-1"]
[WhiteElo "1876"]
[BlackElo "2366"]
[PlyCount "73"]
[EventDate "2008.07.22"]
[EventType "team"]
[EventRounds "11"]
[EventCountry "CHI"]
[SourceTitle "EXT 2012"]
[Source "ChessBase"]
[SourceDate "2011.11.24"]
[SourceVersion "1"]
[SourceVersionDate "2011.11.24"]
[SourceQuality "1"]

1. e4 e6 2. d4 d5 3. e5 c5 4. c3 Qb6 5. Nf3 Bd7 6. a3 Nh6 7. b4 cxd4 8. cxd4 Nf5 9. g4 Ne7 10. Nc3 h5 11. g5 Nf5 12. Na4 Bxa4 13. Qxa4+ Nc6 14. Bb2 Be7 15. Bd3 0-0 16. Bxf5 exf5 17. h4 Nd8 18. 0-0 Qc6 19. Qd1 Qg6 20. e6 f6 21. Kh1 f4 22. Qb1 Qe4 23. Qxe4 dxe4 24. gxf6 Bxf6 25. Ng5 Bxg5 26. hxg5 Nxe6 27. d5 Nxg5 28. Rg1 Rf5 29. Rac1 Rd8 30. Rc7 Rdxd5 31. Rxg7+ Kf8 32. Rc1 Ne6 33. Rh7 Rf7 34. Rc8+ Ke7 35. Rhh8 e3 36. Rhe8+ Kd7 37. Bh8 0-1

[Event "CHI-chT"]
[Site "Santiago de Chile"]
[Date "2007.10.23"]
[Round "2"]
[White "Duarte Mermow, Marcelo R"]
[Black "Gonzalez Astete, Cristian"]
[Result "1-0"]
[WhiteElo "2366"]
[BlackElo "2139"]
[PlyCount "105"]
[EventDate "2007.10.16"]
[EventType "team-tourn"]
[EventRounds "9"]
[EventCountry "CHI"]
[SourceTitle "EXT 2012"]
[Source "ChessBase"]
[SourceDate "2011.11.24"]
[SourceVersion "1"]
[SourceVersionDate "2011.11.24"]
[SourceQuality "1"]

1. e4 c5 2. Nf3 d6 3. c3 Nf6 4. h3 Nbd7 5. Bd3 Qc7 6. 0-0 e6 7. Bc2 b5 8. d4 cxd4 9. cxd4 Bb7 10. Qe2 a6 11. Bg5 Be7 12. Nc3 b4 13. Na4 h6 14. Bh4 Rc8 15. Rac1 Qa5 16. b3 0-0 17. Nd2 Rfe8 18. Nc4 Qb5 19. Bd3 Qc6 20. Na5 Qxc1 21. Rxc1 Rxc1+ 22. Kh2 Ba8 23. Qd2 Rc7 24. Qxb4 d5 25. Nc5 dxe4 26. Bxf6 gxf6 27. Bxa6 Nxc5 28. dxc5 Bxc5 29. Qd2 Kh7 30. Bf1 Rg8 31. Nc4 Rcc8 32. g3 Rcd8 33. Qc2 Ba7 34. b4 f5 35. b5 Bb8 36. Bg2 f4 37. Bxe4+ Bxe4 38. Qxe4+ f5 39. Qxe6 fxg3+ 40. Kg2 gxf2+ 41. Kxf2 Rdf8 42. Ne5 Bxe5 43. Qxe5 f4 44. b6 f3 45. Qe7+ Kh8 46. b7 Rg2+ 47. Kf1 Rgg8 48. Qe3 Kh7 49. Qd3+ Kh8 50. Qd2 Kh7 51. Qc2+ Kh8 52. Qf2 Rg2 53. Qb6 1-0

[Event "Santiago Esucomex op"]
[Site "Santiago de Chile"]
[Date "1998.??.??"]
[Round "1"]
[White "Duarte Mermow, Marcelo R"]
[Black "Dumas Aviles, Mario"]
[Result "1-0"]
[WhiteElo "2320"]
[BlackElo "2020"]
[PlyCount "61"]
[EventDate "1998.??.??"]
[EventType "swiss"]
[EventRounds "9"]
[EventCountry "CHI"]
[SourceTitle "EXT 1999"]
[Source "ChessBase"]
[SourceDate "1998.11.16"]
[SourceVersion "1"]
[SourceVersionDate "1998.11.16"]
[SourceQuality "1"]

1. d4 d5 2. c4 e6 3. Nf3 Nf6 4. Nc3 Nbd7 5. e3 Bb4 6. Bd3 c5 7. cxd5 Nxd5 8. Bd2 cxd4 9. exd4 0-0 10. 0-0 N7f6 11. Ne5 Bd7 12. Qb3 a5 13. a3 a4 14. Qc2 Nxc3 15. bxc3 Ba5 16. Bg5 h6 17. Bh4 Rc8 18. c4 Bc6 19. Rad1 Kh8 20. Nxc6 Rxc6 21. Qxa4 Bc3 22. d5 exd5 23. cxd5 Rc8 24. Bb1 Be5 25. Kh1 Qd6 26. f4 Bb2 27. Qb5 Bxa3 28. Bxf6 gxf6 29. Qd3 f5 30. Qxf5 Qg6 31. Qxc8 1-0

[Event "Santiago Esucomex op"]
[Site "Santiago de Chile"]
[Date "1998.??.??"]
[Round "7"]
[White "Duarte Mermow, Marcelo R"]
[Black "Queirolo Perez, Manuel"]
[Result "1-0"]
[WhiteElo "2320"]
[BlackElo "2075"]
[PlyCount "63"]
[EventDate "1998.??.??"]
[EventType "swiss"]
[EventRounds "9"]
[EventCountry "CHI"]
[SourceTitle "EXT 1999"]
[Source "ChessBase"]
[SourceDate "1998.11.16"]
[SourceVersion "1"]
[SourceVersionDate "1998.11.16"]
[SourceQuality "1"]

1. e4 Nf6 2. e5 Nd5 3. Nf3 d6 4. d4 Bg4 5. h3 Bxf3 6. Qxf3 dxe5 7. dxe5 e6 8. Bd2 c6 9. Nc3 Qc7 10. Qg3 Nd7 11. f4 0-0-0 12. Ne4 g6 13. c4 Nb4 14. 0-0-0 Nxa2+ 15. Kb1 Nb4 16. Qa3 Na6 17. Nd6+ Bxd6 18. exd6 Qb8 19. Ba5 Rde8 20. Bc3 Rhg8 21. Bd3 f5 22. Rhe1 Nac5 23. Bc2 Na6 24. b4 c5 25. Ba4 cxb4 26. Bxb4 Nxb4 27. Qxb4 g5 28. c5 gxf4 29. Qxf4 Rgf8 30. Qh6 b5 31. Bb3 Rf6 32. Qxh7 1-0

[Event "Celle Ligure op"]
[Site "Celle Ligure"]
[Date "1997.??.??"]
[Round "1"]
[White "Tortarolo, Massimiliano"]
[Black "Duarte Mermow, Marcelo R"]
[Result "1-0"]
[WhiteElo "2260"]
[BlackElo "2010"]
[PlyCount "99"]
[EventDate "1997.??.??"]
[EventType "swiss"]
[EventRounds "9"]
[EventCountry "ITA"]
[SourceTitle "EXT 1999"]
[Source "ChessBase"]
[SourceDate "1998.11.16"]
[SourceVersion "1"]
[SourceVersionDate "1998.11.16"]
[SourceQuality "1"]

1. d4 d5 2. Nc3 Nf6 3. Bg5 Nbd7 4. Nf3 e6 5. e4 h6 6. Bh4 g5 7. Bg3 dxe4 8. Nd2 Bb4 9. Nb5 Ba5 10. b4 Bb6 11. Nc4 Nd5 12. Nxb6 N7xb6 13. c4 Nf4 14. h4 a6 15. Nc3 f5 16. hxg5 Qxg5 17. Qd2 Nd3+ 18. Bxd3 Qxd2+ 19. Kxd2 exd3 20. Kxd3 c6 21. Bc7 Nd7 22. Rh3 Kf7 23. Rah1 Kg6 24. a4 Rh7 25. Bf4 h5 26. a5 Nf6 27. f3 Bd7 28. Be5 Be8 29. Ne2 Kf7 30. Nf4 Ke7 31. Bxf6+ Kxf6 32. Nxh5+ Bxh5 33. Rxh5 Rxh5 34. Rxh5 Kg6 35. Rh1 Rg8 36. Ke3 Rg7 37. Kf4 Kf7 38. g4 fxg4 39. fxg4 Ke7 40. g5 Kd6 41. Rg1 Rg6 42. Ke4 Kd7 43. Ke5 Ke7 44. Rg2 Kd7 45. Kf4 Kd6 46. Rh2 Rg7 47. Rh6 Rf7+ 48. Rf6 Rg7 49. g6 Re7 50. Kg5 1-0

[Event "Celle Ligure op"]
[Site "Celle Ligure"]
[Date "1995.??.??"]
[Round "?"]
[White "Duarte Mermow, Marcelo R"]
[Black "Cazzaniga, Walter"]
[Result "0-1"]
[WhiteElo "1915"]
[BlackElo "2145"]
[PlyCount "78"]
[EventDate "1995.??.??"]
[EventType "swiss"]
[EventRounds "9"]
[EventCountry "ITA"]
[SourceTitle "EXT 1999"]
[Source "ChessBase"]
[SourceDate "1998.11.16"]
[SourceVersion "1"]
[SourceVersionDate "1998.11.16"]
[SourceQuality "1"]

1. e4 e6 2. d4 d5 3. Nd2 Nc6 4. c3 e5 5. exd5 Qxd5 6. Bc4 Qxg2 7. Qf3 Qxf3 8. Ngxf3 exd4 9. Nxd4 Nxd4 10. cxd4 Bb4 11. 0-0 Ne7 12. a3 Bd6 13. Ne4 0-0 14. Nxd6 cxd6 15. Bg5 Nf5 16. Rad1 h6 17. Bc1 Nh4 18. Rd3 Bd7 19. Bd2 Rac8 20. Rc1 Rfe8 21. Re3 Rxe3 22. Bxe3 Be6 23. Be2 Rxc1+ 24. Bxc1 Bd5 25. Bf4 Nf5 26. Kf1 Be4 27. f3 Bb1 28. Kf2 Kf8 29. Bc4 Ke7 30. Bd5 b6 31. Be3 Bd3 32. Be4 Bxe4 33. fxe4 Nxe3 34. Kxe3 Ke6 35. Kf4 d5 36. e5 f6 37. exf6 Kxf6 38. b3 g5+ 39. Kg4 Kg6 0-1

[Event "Celle Ligure op"]
[Site "Celle Ligure"]
[Date "1995.??.??"]
[Round "?"]
[White "Vignato, Giovanni"]
[Black "Duarte Mermow, Marcelo R"]
[Result "0-1"]
[WhiteElo "1915"]
[BlackElo "1915"]
[PlyCount "80"]
[EventDate "1995.??.??"]
[EventType "swiss"]
[EventRounds "9"]
[EventCountry "ITA"]
[SourceTitle "EXT 1999"]
[Source "ChessBase"]
[SourceDate "1998.11.16"]
[SourceVersion "1"]
[SourceVersionDate "1998.11.16"]
[SourceQuality "1"]

1. d4 Nf6 2. Bg5 d5 3. Bxf6 exf6 4. e3 Bb4+ 5. c3 Bd6 6. Bd3 Nd7 7. Nd2 Nf8 8. Ngf3 Ng6 9. Qc2 a6 10. 0-0-0 0-0 11. h4 Kh8 12. h5 Ne7 13. Nh4 h6 14. Rdg1 c5 15. dxc5 Bxc5 16. Nb3 Ba7 17. g4 b5 18. Nd4 Bd7 19. f4 Nc6 20. g5 Nxd4 21. exd4 Bxd4 22. gxh6 Bxg1 23. Ng6+ fxg6 24. hxg6 f5 25. Qg2 Be3+ 26. Kb1 Bxf4 27. hxg7+ Kxg7 28. Rh7+ Kf6 29. Qg1 Rc8 30. Qd4+ Be5 31. Qh4+ Ke6 32. Qh6 Qf6 33. Ka1 Bxc3 34. Bxf5+ Qxf5 35. g7+ Rf6 36. Qe3+ Be5 37. g8Q+ Rxg8 38. Qb6+ Bd6 39. Qe3+ Qe4 40. Qh3+ Rg4 0-1

[Event "Santiago op"]
[Site "Santiago de Chile"]
[Date "1994.??.??"]
[Round "?"]
[White "Duarte Mermow, Marcelo R"]
[Black "Capo, Jose Miguel"]
[Result "0-1"]
[WhiteElo "2390"]
[BlackElo "2365"]
[PlyCount "75"]
[EventDate "1994.??.??"]
[EventType "swiss"]
[EventRounds "9"]
[EventCountry "CHI"]
[SourceTitle "EXT 2001"]
[Source "ChessBase"]
[SourceDate "2000.11.22"]
[SourceVersion "1"]
[SourceVersionDate "2000.11.22"]
[SourceQuality "1"]

1. e4 c5 2. c3 Nf6 3. e5 Nd5 4. d4 cxd4 5. Nf3 e6 6. cxd4 b6 7. a3 Ba6 8. Bxa6 Nxa6 9. Nbd2 Be7 10. Ne4 f5 11. Ned2 0-0 12. 0-0 Qc7 13. Qe2 Nb8 14. Nc4 Qb7 15. Bg5 Bxg5 16. Nxg5 Nf4 17. Qf3 Qxf3 18. Nxf3 Rc8 19. b3 Nc6 20. Rfd1 Na5 21. Nxa5 bxa5 22. g3 Rc3 23. Ne1 Nd5 24. Nd3 Rxb3 25. Nc5 Rb2 26. Nxd7 Nc3 27. Rd3 Ne4 28. f3 Nf2 29. Rc3 Rd8 30. Rc7 Nh3+ 31. Kh1 Rd2 32. Rb1 Ng5 33. Rb3 a4 34. Rbc3 Rxd4 35. h4 Nf7 36. Rxa7 R4xd7 37. Rxd7 Rxd7 38. f4 0-1

[Event "ARAIS tt"]
[Site "Santiago de Chile"]
[Date "1994.??.??"]
[Round "?"]
[White "Duarte Mermow, Marcelo R"]
[Black "Dominguez, Hernan"]
[Result "1-0"]
[WhiteElo "2390"]
[BlackElo "2380"]
[PlyCount "77"]
[EventDate "1994.??.??"]
[EventType "team"]
[EventRounds "10"]
[EventCountry "CHI"]
[SourceTitle "EXT 2001"]
[Source "ChessBase"]
[SourceDate "2000.11.22"]
[SourceVersion "1"]
[SourceVersionDate "2000.11.22"]
[SourceQuality "1"]

1. e4 c5 2. c3 b6 3. d4 Bb7 4. d5 Nf6 5. Bd3 c4 6. Bc2 e6 7. Bg5 h6 8. Bxf6 Qxf6 9. Nf3 exd5 10. e5 Qe7 11. 0-0 g6 12. Nd4 Qc5 13. Nd2 a6 14. Qg4 Nc6 15. Bxg6 Nxe5 16. Rae1 0-0-0 17. Rxe5 Bd6 18. Rf5 fxg6 19. Qxg6 Qc7 20. N2f3 Rhg8 21. Qh5 Rde8 22. Rf6 Re4 23. Rxh6 Reg4 24. g3 Kb8 25. Re1 b5 26. Re8+ Ka7 27. Rxg8 Rxg8 28. Qf5 Kb8 29. Rh7 Kc8 30. Ne6 Qb6 31. Nfd4 Kb8 32. Rxd7 b4 33. Qh7 Re8 34. Qg6 Rh8 35. Nf4 Rd8 36. Nc6+ Qxc6 37. Rxd8+ Kc7 38. Ne6+ Kb6 39. Nd4 1-0

[Event "ARAIS tt"]
[Site "Santiago de Chile"]
[Date "1994.??.??"]
[Round "?"]
[White "Duarte Mermow, Marcelo R"]
[Black "Pinto Pinares, Marcelo"]
[Result "1/2-1/2"]
[WhiteElo "2390"]
[BlackElo "2245"]
[PlyCount "77"]
[EventDate "1994.??.??"]
[EventType "team"]
[EventRounds "10"]
[EventCountry "CHI"]
[SourceTitle "EXT 2001"]
[Source "ChessBase"]
[SourceDate "2000.11.22"]
[SourceVersion "1"]
[SourceVersionDate "2000.11.22"]
[SourceQuality "1"]

1. e4 e5 2. Nf3 Nc6 3. Bb5 f5 4. Nc3 Nd4 5. Ba4 Nf6 6. d3 Bc5 7. 0-0 0-0 8. Nxe5 d6 9. Nf3 Ng4 10. Be3 Nxf3+ 11. Qxf3 fxe4 12. Qxe4 Bb6 13. Nd5 Ne5 14. Nxb6 axb6 15. Bb3+ Kh8 16. Bd4 Nc6 17. Bc3 Bf5 18. Qd5 Bg6 19. Rae1 Qh4 20. Re3 Rf5 21. Qe4 Rf4 22. Qe6 Rd8 23. g3 Qg5 24. Qh3 Rff8 25. Qg2 d5 26. f4 Qf5 27. Be5 Qd7 28. h3 Na5 29. Rc1 c5 30. c3 Nxb3 31. axb3 d4 32. cxd4 cxd4 33. Re2 Bf7 34. Rec2 Bd5 35. Qf1 Bc6 36. Rc4 Qd5 37. Kh2 b5 38. Rxd4 Qxb3 39. Qe2 1/2-1/2